• 首页
  • 本馆介绍
  • 公告通知
  • 最新文献
  • 馆藏检索
  • 电子资源
  • 读者导购
  • 参考咨询
  • 我的图书馆
  • 登录
  • 详细信息显示
  • 放入我的书架
  • 预约/预借图书
  • 作者相关作品
  • 分类相关作品
  • 丛书相关作品
  • 出版社相关作品

书目信息

  • 表格格式
  • 工作单格式
  • 卡片格式
题名:
电视机用集成电路
    
 
作者: 刘耀骐 , 许纯如 编著
分册:  
出版信息: 北京   人民邮电出版社  1980
页数: 187页
开本: 19cm
丛书名:
单 册:
中图分类: TN43
科图分类:
主题词: 集成电路-电视接收机 , 半导体集成电路 , 电视接收机-集成电路
电子资源:
ISBN:
000 00727nam0 2200265 45
001 0180005971
005 20060418161133.48
010    @dCNY0.61
091    @a15045.2428
100    @a19950614d1980 em y0chiy0121 ea
101 0  @achi
102    @aCN@b110000
105    @ay z 000yy
200 10 @a电视机用集成电路@Adian shi ji yong ji cheng dian lu@f刘耀其,许纯如编著
210    @a北京@c人民邮电出版社@d1980
215    @a187页@d19cm
606    @a集成电路-电视接收机
606 0  @a半导体集成电路
606    @a电视接收机-集成电路
690    @aTN43@v4
701  0 @a刘耀骐@Aliu yao qi@4编著
701  0 @a许纯如@Axu chun ru@4编著
801  2 @aCN@bNLC@c20060418
801  0 @aCN@b上海图书馆@c20040519
905    @dTN43@e24
    
    电视机用集成电路/刘耀其,许纯如编著.-北京:人民邮电出版社,1980
    187页;19cm
    
    
    ISBN :CNY0.61
    
●
相关链接 在E读中查询图书 在五车中查询图书 在当当中查询图书 在豆瓣中查询图书


正题名:电视机用集成电路     索取号:TN43/24         预约/预借

序号 登录号 条形码 馆藏地/架位号 状态 备注
1 0056589   001353243   密集书库/ [索取号:TN43/24] 在馆    
2 0056590   001353289   第三借阅区/ [索取号:TN43/24] 在馆    
3 0082882   202248166   密集书库/ [索取号:TN43/24] 在馆    
4 0082884   001353323   第二样本阅览室/ [索取号:TN43/24] 在馆    
唐山师范学院图书馆 欢迎您!
大连网信软件有限公司© 版权所有